| 000 | 00625nam a2200229 a 4500 | ||
|---|---|---|---|
| 001 | BRCA_7946 | ||
| 005 | 20190320210050.0 | ||
| 008 | 100314s1964----gw-a###f##---#000-0#ger-# | ||
| 041 | _ager | ||
| 044 | _agw | ||
| 050 | 4 |
_aHG231 _b.S35 _c1964 |
|
| 100 | 1 |
_aSamhaber, Ernst _919686 |
|
| 245 | 1 | 0 |
_aDas Geld _beine Kulturgeschichte _cErnst Samhaber. |
| 260 |
_aMünchen _bKeyser _c1964 |
||
| 300 |
_a296 p. _bil. (algunas a color) _c30 cm. |
||
| 500 | _a3102 | ||
| 650 | 1 | 4 |
_aDinero _vHistoria _919687 |
| 650 | 1 | 4 |
_aFinanzas _vHistoria _919688 |
| 650 | 1 | 4 |
_aCultura financiera _zAlemania _919689 |
| 902 | _aGFM | ||
| 942 |
_2lcc _cB |
||
| 999 |
_c7615 _d7615 |
||